Statistics for Top 10 Countries that Produce the Most Yams

Click here to take the quiz!

General Stats

  • This quiz has been taken 205 times
  • The average score is 6 of 10

Answer Stats

# TonnesCountry% Correct
45 milNigeria
95%
7 milGhana
81%
578 kCameroon
75%
5 milCote d'Ivoire
73%
786 kTogo
66%
3 milBenin
62%
481 kCentral African Republic
62%
439 kChad
62%
1.4 milEthiopia
54%
476 kHaiti
5%

Score Distribution

Percentile by Number Answered

Percent of People with Each Score

Your Score History

You have not taken this quiz